00590cam a2200205ua 45000010005000000080039000050200018000440400009000620410008000710820008000791000030000872450073001172500012001902600046002023000010002486530014002586530029002726530041003016530042003429659180322n ii |||gr||||Z||||||asm a9789384303334 cMAIN aasm a370 aGoswami, Moromi,eAuthor. aShiksha : bdarshanik aru samajtattik vitti / cby Moromi Goswami .  a1st ed. aDibrugarh:bMahaveer publications,c2015. a336p. aEducation aFoundations of education aSociological foundation of education aPhilosophical foundation of education